[Event "ICS rated blitz match"]
[Site "204.178.125.65"]
[Date "1999.10.24"]
[Round "?"]
[White "toothfairy"]
[Black "Hossa"]
[Result "1-0"]
[WhiteElo "2151"]
[BlackElo "2387"]
[PlyCount "159"]
[EventDate "1999.??.??"]

1. e4 e5 2. Nf3 Nf6 3. Nc3 Nc6 4. Bc4 Bc5 5. d3 d6 6. Bg5 Na5 7. Nd5 c6 8.
Nxf6+ gxf6 9. Bh4 Nxc4 10. dxc4 O-O 11. Qd2 Re8 12. O-O-O a5 13. Qh6 Re6 14.
Rd3 Qf8 15. Qh5 Rb8 16. Nd2 Bb4 17. c3 Bc5 18. Rf3 f5 19. exf5 Rh6 20. Qg5+ Kh8
21. Ne4 f6 22. Nxf6 b6 23. Ng4 Rxh4 24. Qxh4 Rb7 25. Qf6+ Qxf6 26. Nxf6 Rf7 27.
Ne4 Rxf5 28. Rxf5 Bxf5 29. Nxc5 dxc5 30. f3 Kg7 31. Kd2 b5 32. b3 bxc4 33. bxc4
Be6 34. a3 Bxc4 35. Ke3 Kf6 36. Rd1 Ke6 37. Rd8 Bb3 38. Ra8 a4 39. Kd2 Kf5 40.
Ra5 c4 41. Rc5 Kf4 42. Rxc6 h5 43. Rh6 Kg5 44. Rh8 Ba2 45. Ke3 Bb1 46. g3 Bg6
47. Ra8 Bc2 48. h4+ Kf6 49. Ra6+ Kf7 50. Rc6 Bd3 51. f4 exf4+ 52. Kxf4 Be2 53.
Kg5 Kg8 54. Rh6 Kf7 55. Rxh5 Bxh5 56. Kxh5 Kf6 57. g4 Kg7 58. Kg5 Kh7 59. h5
Kg7 60. Kh4 Kf6 61. g5+ Kf5 62. h6 Kg6 63. Kg4 Kh7 64. Kh5 Kg8 65. g6 Kh8 66.
Kg5 Kg8 67. Kf5 Kf8 68. Ke5 Kg8 69. Kd4 Kh8 70. Kxc4 Kg8 71. Kb4 Kh8 72. c4 Kg8
73. c5 Kf8 74. Kxa4 Kg8 75. Kb5 Kf8 76. Kc6 Kg8 77. Kd7 Kf8 78. c6 Kg8 79. c7
Kf8 80. c8=Q# {Hossa checkmated} 1-0

[Event "ICS rated blitz match"]
[Site "204.178.125.65"]
[Date "1999.10.24"]
[Round "?"]
[White "Hossa"]
[Black "k64"]
[Result "1-0"]
[WhiteElo "2362"]
[BlackElo "2167"]
[PlyCount "39"]
[EventDate "1999.??.??"]

1. e4 Nf6 2. e5 Nd5 3. d4 d6 4. Nf3 g6 5. h3 Bg7 6. Be2 O-O 7. c4 Nb6 8. O-O
dxe5 9. Nxe5 c5 10. dxc5 Bxe5 11. cxb6 Qxb6 12. Nc3 Be6 13. Na4 Qd4 14. Bh6 Rd8
15. Nc5 Bxc4 16. Bxc4 Nc6 17. Qxd4 Bxd4 18. Nxb7 Rd7 19. Bb5 Rc8 20. Na5 {
k64 resigns} 1-0

[Event "ICS rated bullet match"]
[Site "204.178.125.65"]
[Date "1999.10.24"]
[Round "?"]
[White "Chemberlen"]
[Black "Hossa"]
[Result "0-1"]
[WhiteElo "1827"]
[BlackElo "2425"]
[PlyCount "36"]
[EventDate "1999.??.??"]

1. e4 e5 2. Nf3 Nf6 3. Nxe5 d6 4. Nf3 Nxe4 5. d4 d5 6. Bd3 Be7 7. O-O Nc6 8. c4
Nb4 9. Re1 Nxd3 10. Qxd3 c6 11. Nc3 Nxc3 12. bxc3 O-O 13. Ne5 Re8 14. cxd5 cxd5
15. Bf4 f6 16. Nf3 b6 17. Re2 a5 18. Rae1 18... Ba6 {Chemberlen resigns} 0-1

[Event "ICS rated blitz match"]
[Site "204.178.125.65"]
[Date "1999.10.24"]
[Round "?"]
[White "bruno2"]
[Black "Hossa"]
[Result "0-1"]
[WhiteElo "1162"]
[BlackElo "2370"]
[PlyCount "62"]
[EventDate "1999.??.??"]

1. d4 e6 2. e3 Nf6 3. Nc3 d5 4. Nf3 c5 5. Bb5+ Bd7 6. Ne5 Bxb5 7. Nxb5 a6 8.
Nxf7 Kxf7 9. Na3 cxd4 10. Qxd4 Bxa3 11. bxa3 Nc6 12. Qf4 e5 13. Qf3 Rf8 14. Bb2
Kg8 15. O-O Ne4 16. Qd1 Qa5 17. Rb1 Nd2 18. Ra1 Nxf1 19. Qxf1 Qd2 20. Rc1 Rf7
21. a4 Raf8 22. Ba3 Rxf2 23. Bxf8 Rxf1+ 24. Rxf1 Qxe3+ 25. Kh1 Qe2 26. Kg1 Qxc2
27. a3 Qxa4 28. Bb4 Nxb4 29. axb4 Qxb4 30. h3 Qe4 31. Rc1 31... Qe3+ {
bruno2 resigns} 0-1

[Event "ICS rated blitz match"]
[Site "204.178.125.65"]
[Date "1999.10.24"]
[Round "?"]
[White "Hossa"]
[Black "ciotti"]
[Result "1-0"]
[WhiteElo "2370"]
[BlackElo "2218"]
[PlyCount "71"]
[EventDate "1999.??.??"]

1. e4 c5 2. Nf3 Nc6 3. d4 cxd4 4. Nxd4 Nf6 5. Nc3 e5 6. Ndb5 d6 7. Bg5 a6 8.
Na3 b5 9. Nd5 Be7 10. Bxf6 Bxf6 11. c3 Ne7 12. Nxf6+ gxf6 13. Bd3 Bb7 14. Nb1
d5 15. Nd2 Rg8 16. g3 f5 17. exf5 e4 18. Bc2 Nxf5 19. a4 Nd6 20. O-O Qh4 21.
axb5 axb5 22. Rxa8+ Bxa8 23. Qa1 Bb7 24. Qa7 f5 25. Rd1 f4 26. Nxe4 Nxe4 27.
Qb8+ Qd8 28. Qxb7 fxg3 29. hxg3 Nxg3 30. Bxh7 Qh4 31. Qxb5+ Kf8 32. Qb8+ Ke7
33. Qe5+ Kf7 34. Bxg8+ Kxg8 35. Qxg3+ Qxg3+ 36. fxg3 {ciotti resigns} 1-0

[Event "ICS rated blitz match"]
[Site "204.178.125.65"]
[Date "1999.10.24"]
[Round "?"]
[White "ciotti"]
[Black "Hossa"]
[Result "0-1"]
[WhiteElo "2209"]
[BlackElo "2379"]
[PlyCount "118"]
[EventDate "1999.??.??"]

1. d4 e6 2. Nf3 Nf6 3. Bg5 d5 4. e3 c5 5. c3 Bd6 6. Bd3 Nc6 7. O-O O-O 8. Nbd2
e5 9. dxe5 Nxe5 10. Nxe5 Bxe5 11. Nf3 Bd6 12. Bc2 Be6 13. Qd3 g6 14. Rad1 Be7
15. Qb5 Qb6 16. Qxb6 axb6 17. a3 Rfe8 18. Nd2 Ng4 19. Bf4 g5 20. Bg3 Nf6 21. e4
dxe4 22. Nxe4 Nxe4 23. Bxe4 Ra7 24. h3 f5 25. Bc2 h5 26. Be5 b5 27. Rfe1 Kf7
28. Bc7 Rc8 29. Be5 h4 30. Bh2 Raa8 31. Be5 Rd8 32. Bc7 Rxd1 33. Rxd1 Rc8 34.
Be5 Re8 35. Rd2 Bf6 36. Bxf6 Kxf6 37. Rd6 Ke5 38. Rb6 Rd8 39. Rxb5 Rd2 40. Ba4
Bd7 41. Rxc5+ Kd6 42. Rc4 b5 43. Bxb5 Bxb5 44. Rb4 Be2 45. a4 Rc2 46. a5 Kc5
47. Rb8 Kd5 48. Re8 Rxb2 49. Rf8 Bd3 50. a6 Ra2 51. Rf6 f4 52. Rf8 Rxa6 53.
Rd8+ Kc4 54. Rc8+ Kb3 55. f3 Ra5 56. Kf2 Ra1 57. g4 hxg3+ 58. Kg2 Bf1+ 59. Kg1
59... Bxh3# {ciotti checkmated} 0-1

[Event "ICS rated blitz match"]
[Site "204.178.125.65"]
[Date "1999.10.24"]
[Round "?"]
[White "Hossa"]
[Black "k64"]
[Result "1/2-1/2"]
[WhiteElo "2415"]
[BlackElo "2147"]
[PlyCount "124"]
[EventDate "1999.??.??"]

1. e4 d6 2. d4 c6 3. Bd3 Nd7 4. Ne2 e5 5. O-O Ngf6 6. Nbc3 Be7 7. a4 O-O 8. Be3
b6 9. f4 Bb7 10. fxe5 dxe5 11. Bc4 exd4 12. Qxd4 Bc5 13. Bxf7+ Rxf7 14. Qd2 Ne5
15. Qxd8+ Rxd8 16. Bxc5 bxc5 17. Rad1 Rfd7 18. Rxd7 Rxd7 19. Rf5 Re7 20. Ng3
Bc8 21. Rg5 h6 22. Nf5 Bxf5 23. Rxf5 Kf7 24. b3 Ke6 25. Rf4 Rd7 26. Rf2 Rd4 27.
Re2 c4 28. b4 Nf7 29. b5 cxb5 30. Nxb5 Rxe4 31. Rxe4+ Nxe4 32. Nxa7 Nfd6 33.
Nc6 Kd5 34. Nb4+ Kc5 35. Na2 Kb6 36. Nb4 Ka5 37. Nd5 Kxa4 38. Kf1 Ka3 39. Ke2
Kb2 40. Ne3 c3 41. g4 Nb5 42. h4 Nd4+ 43. Kd3 Nxc2 44. Nd1+ Kb3 45. Kxe4 Ne1
46. Nxc3 Kxc3 47. Kf5 Nf3 48. Kg6 Ne5+ 49. Kxg7 Nxg4 50. Kg6 Kd4 51. Kh5 Nf6+
52. Kxh6 Ke5 53. h5 Kf5 54. Kg7 Ne8+ 55. Kh6 Nf6 56. Kg7 Ne8+ 57. Kh6 Kf6 58.
Kh7 Ng7 59. h6 Nf5 60. Kg8 Ne7+ 61. Kh7 Nf5 62. Kg8 62... Nxh6+ {
Game drawn because neither player has mating material} 1/2-1/2

[Event "ICS rated blitz match"]
[Site "204.178.125.65"]
[Date "1999.10.24"]
[Round "?"]
[White "Astra"]
[Black "Hossa"]
[Result "0-1"]
[WhiteElo "2240"]
[BlackElo "2405"]
[PlyCount "92"]
[EventDate "1999.??.??"]

1. e4 e5 2. Bc4 Nf6 3. d3 c6 4. Nf3 d5 5. Bb3 Bg4 6. Nbd2 Bc5 7. h3 Bxf3 8.
Qxf3 O-O 9. Nf1 a5 10. a3 a4 11. Ba2 Re8 12. Ng3 Nbd7 13. O-O Ra5 14. Bg5 Qb6
15. Rab1 Rb5 16. Bc1 Bxa3 17. c4 dxe4 18. dxe4 Rxb2 19. Bxb2 Bxb2 20. Nf5 Nc5
21. Qg3 g6 22. Nd6 Rd8 23. Rfd1 Rxd6 24. Rxd6 Nfxe4 25. Qa3 Bxa3 26. Rxg6+ hxg6
27. Rxb6 Nd6 28. Rb1 Nce4 29. Re1 Bc5 30. Re2 Bxf2+ 31. Rxf2 Nxf2 32. Kxf2 Ne4+
33. Ke3 Nc3 34. c5 Nxa2 35. Ke4 Nb4 36. Kxe5 a3 37. Kd6 a2 38. Kc7 a1=Q 39.
Kxb7 Qh1 40. g3 Qxh3 41. Kc7 Qxg3+ 42. Kd7 Kf8 43. Kc8 Na6 44. Kb7 Qc7+ 45.
Kxa6 Qb8 46. Ka5 46... Qb5# {Astra checkmated} 0-1

[Event "ICS rated blitz match"]
[Site "204.178.125.65"]
[Date "1999.10.24"]
[Round "?"]
[White "Hossa"]
[Black "boogie-woogie"]
[Result "1-0"]
[WhiteElo "2414"]
[BlackElo "2223"]
[PlyCount "83"]
[EventDate "1999.??.??"]

1. e4 e5 2. Bc4 Nf6 3. d3 Nc6 4. Nf3 Bc5 5. O-O d6 6. c3 Bb6 7. Bg5 h6 8. Be3
O-O 9. Nbd2 Bxe3 10. fxe3 a6 11. Qb3 b5 12. Bd5 Na5 13. Qc2 c6 14. Bb3 Bb7 15.
Rae1 c5 16. c4 Re8 17. Qc3 Nxb3 18. axb3 b4 19. Qc2 Bc6 20. Re2 a5 21. Kh1 a4
22. bxa4 Bxa4 23. b3 Bc6 24. d4 Ra3 25. d5 Bd7 26. Ree1 Qa5 27. Qd3 Ra2 28. Rd1
Ra8 29. Kg1 Rb2 30. Rc1 Qa2 31. Rb1 Rc2 32. Rfe1 Rc3 33. Qf1 Qc2 34. Rbc1 Qd3
35. Qxd3 Rxd3 36. h3 Ra2 37. Rcd1 g5 38. g4 Kg7 39. Kh1 Ng8 40. Kg1 Ne7 41. Ra1
Ng6 42. Rxa2 {boogie-woogie resigns} 1-0

[Event "ICS rated blitz match"]
[Site "204.178.125.65"]
[Date "1999.10.24"]
[Round "?"]
[White "boogie-woogie"]
[Black "Hossa"]
[Result "0-1"]
[WhiteElo "2215"]
[BlackElo "2422"]
[PlyCount "86"]
[EventDate "1999.??.??"]

1. Nc3 d5 2. e4 d4 3. Nce2 Nc6 4. Ng3 e5 5. Nf3 Nf6 6. Bb5 Bd6 7. Bxc6+ bxc6 8.
d3 O-O 9. O-O Rb8 10. b3 Bg4 11. h3 Bc8 12. Bg5 c5 13. Qe2 Re8 14. Nh4 h6 15.
Bd2 a6 16. Nhf5 Rb7 17. Kh1 Rb8 18. f4 exf4 19. Bxf4 Bf8 20. Qf3 Rb5 21. Bd2
Nd7 22. Qf4 Ne5 23. Qf2 Bd7 24. Bf4 Kh8 25. Qd2 Kg8 26. Rf2 c6 27. Raf1 Qa5 28.
a4 Qxd2 29. Rxd2 Rb4 30. Rdf2 Rb7 31. Bxe5 Rxe5 32. Ne2 Be6 33. Nh4 Bd6 34. Nf3
Rh5 35. Neg1 Bg3 36. Rd2 a5 37. Rdd1 Re7 38. Ne2 Bd6 39. Nfg1 Bg4 40. Rde1 Bd7
41. Nf4 Rg5 42. g4 Re8 43. Nge2 43... Rge5 {boogie-woogie resigns} 0-1

[Event "ICS rated blitz match"]
[Site "204.178.125.65"]
[Date "1999.10.24"]
[Round "?"]
[White "Hossa"]
[Black "boogie-woogie"]
[Result "1-0"]
[WhiteElo "2429"]
[BlackElo "2208"]
[PlyCount "77"]
[EventDate "1999.??.??"]

1. e4 e5 2. Bc4 Nf6 3. d3 Nc6 4. Nf3 Bc5 5. O-O d6 6. c3 Bb6 7. Bg5 h6 8. Be3
O-O 9. Nbd2 Bxe3 10. fxe3 a6 11. Qe2 d5 12. exd5 Nxd5 13. d4 exd4 14. exd4 Be6
15. Rae1 Re8 16. Qf2 b5 17. Bb3 Na5 18. Ne5 Nxb3 19. axb3 Nf6 20. b4 Qd5 21.
Qg3 Kh8 22. Ra1 a5 23. bxa5 c5 24. Qh4 Ng8 25. b4 cxb4 26. cxb4 Ra7 27. Rac1
Qa2 28. Qf2 Bd5 29. Rc5 Nf6 30. Rxb5 Rc7 31. Qf4 Rc2 32. Rd1 Kg8 33. Rc5 Rb2
34. Nd3 Rb3 35. Nc1 Rb1 36. Qf1 Qb2 37. Nxb1 Qxb1 38. Nd3 Qa2 39. Rc7 {
boogie-woogie resigns} 1-0

[Event "ICS rated blitz match"]
[Site "204.178.125.65"]
[Date "1999.10.24"]
[Round "?"]
[White "boogie-woogie"]
[Black "Hossa"]
[Result "1/2-1/2"]
[WhiteElo "2201"]
[BlackElo "2436"]
[PlyCount "116"]
[EventDate "1999.??.??"]

1. Nc3 d5 2. e4 d4 3. Nce2 Nc6 4. Ng3 e5 5. Nf3 Nf6 6. Bb5 Bd6 7. Bxc6+ bxc6 8.
d3 O-O 9. O-O Rb8 10. b3 Bg4 11. h3 Bc8 12. Nd2 c5 13. Nf5 Bxf5 14. exf5 Nd5
15. Ne4 Qd7 16. Qf3 f6 17. Bd2 Ne7 18. g4 Qc6 19. Kg2 Nd5 20. Rh1 Be7 21. Rag1
Rfd8 22. Kf1 Nb4 23. Bxb4 cxb4 24. h4 Qxc2 25. g5 Qb1+ 26. Kg2 Qxa2 27. h5 fxg5
28. h6 gxh6 29. Rxh6 Qxb3 30. Rgh1 Qf7 31. Rxh7 Qxh7 32. Rxh7 Kxh7 33. Qh5+ Kg8
34. Qg6+ Kf8 35. f6 Bxf6 36. Qxf6+ Ke8 37. Qe6+ Kf8 38. Nxg5 Kg7 39. Qxe5+ Kg6
40. f4 Re8 41. Qxc7 Kf5 42. Ne4 Rf8 43. Kf3 b3 44. Qe5+ Kg6 45. Qg5+ Kh7 46.
Nf6+ Rxf6 47. Qxf6 b2 48. Qe7+ Kg8 49. Qe6+ Kh7 50. Qd7+ Kg8 51. Qd5+ Kh7 52.
Qf5+ Kg8 53. Qg6+ Kh8 54. Qh6+ Kg8 55. Qg6+ Kh8 56. Qh6+ Kg8 57. Qg6+ Kh8 58.
Qh6+ 58... Kg8 {Game drawn by repetition} 1/2-1/2

[Event "ICS rated blitz match"]
[Site "204.178.125.65"]
[Date "1999.10.24"]
[Round "?"]
[White "Hossa"]
[Black "boogie-woogie"]
[Result "1-0"]
[WhiteElo "2427"]
[BlackElo "2210"]
[PlyCount "57"]
[EventDate "1999.??.??"]

1. e4 e5 2. Bc4 Nf6 3. d3 Nc6 4. Nf3 Bc5 5. O-O d6 6. c3 Bb6 7. Bg5 h6 8. Be3
O-O 9. Nbd2 Re8 10. Qe2 d5 11. exd5 Nxd5 12. Bb5 Nf4 13. Bxf4 exf4 14. Qd1 Bg4
15. Qa4 g5 16. Bxc6 bxc6 17. Qxc6 Re6 18. Qb5 Rb8 19. Qc4 Re2 20. d4 Bxf3 21.
Nxf3 Rxb2 22. Ne5 Qe8 23. a4 c5 24. Rfe1 cxd4 25. Nc6 Qf8 26. Nxb8 Qxb8 27. Qc6
Kg7 28. Re8 Bd8 29. cxd4 {boogie-woogie resigns} 1-0

[Event "ICS rated blitz match"]
[Site "204.178.125.65"]
[Date "1999.10.24"]
[Round "?"]
[White "Hossa"]
[Black "inmichess"]
[Result "0-1"]
[WhiteElo "2441"]
[BlackElo "2443"]
[PlyCount "105"]
[EventDate "1999.??.??"]

1. e4 e5 2. Bc4 Nf6 3. d3 Nc6 4. Nf3 Bc5 5. O-O O-O 6. Bg5 h6 7. Be3 Bxe3 8.
fxe3 d6 9. Nbd2 Na5 10. Bd5 c6 11. Bb3 Nxb3 12. axb3 Qe7 13. c4 c5 14. Qe2 Bg4
15. Ra5 b6 16. Ra6 Bc8 17. Ra4 Bb7 18. Nh4 a5 19. Nf5 Qe6 20. Qf2 g6 21. Qg3
Kh7 22. Nh4 Bc6 23. Ra3 Nh5 24. Qe1 Qg4 25. Qf2 f6 26. Rfa1 Ng7 27. h3 Qe6 28.
Ndf3 g5 29. Nf5 Nxf5 30. exf5 Qxf5 31. e4 Qe6 32. g4 h5 33. Nh2 hxg4 34. hxg4
Rh8 35. Rf1 Kg7 36. Qg2 Rh4 37. Rf5 Rah8 38. Nf3 Rh3 39. Ra2 Qc8 40. Nd2 Rxd3
41. Nf1 Bd7 42. Rf3 Rxf3 43. Qxf3 Bxg4 44. Qd3 Qc6 45. Ne3 Rh3 46. Qd5 Qxd5 47.
Nxd5 Rxb3 48. Nc7 Bf3 49. Ra3 Rxa3 50. bxa3 Bxe4 51. Ne8+ Kg6 52. Nxd6 Bd3 53.
Nc8 {Hossa resigns} 0-1

[Event "ICS rated blitz match"]
[Site "204.178.125.65"]
[Date "1999.10.24"]
[Round "?"]
[White "inmichess"]
[Black "Hossa"]
[Result "0-1"]
[WhiteElo "2459"]
[BlackElo "2425"]
[PlyCount "102"]
[EventDate "1999.??.??"]

1. e4 e5 2. Nf3 Nf6 3. Nxe5 d6 4. Nf3 Nxe4 5. Qe2 Qe7 6. d3 Nf6 7. Bg5 Qxe2+ 8.
Bxe2 Be7 9. Nc3 O-O 10. O-O-O Re8 11. Rhe1 Nc6 12. d4 Bg4 13. Bxf6 Bxf6 14. Nd5
Re4 15. h3 Bh5 16. g4 Bg6 17. Bc4 Rae8 18. Rxe4 Bxe4 19. Nxf6+ gxf6 20. Re1 Re7
21. Nd2 Bg2 22. Rxe7 Nxe7 23. Bf1 Bxf1 24. Nxf1 f5 25. Ne3 Kg7 26. c4 Kg6 27.
f4 fxg4 28. hxg4 f5 29. g5 h6 30. gxh6 Kxh6 31. b4 Kh5 32. c5 dxc5 33. bxc5 b6
34. a4 bxc5 35. dxc5 c6 36. Kd2 Kh4 37. Kd3 Kg3 38. Nxf5+ Nxf5 39. Ke4 Nh6 40.
Ke5 Nf7+ 41. Kf5 a5 42. Ke6 Kxf4 43. Kd7 Ne5+ 44. Kc7 Ke4 45. Kd6 Kd4 46. Ke6
Nc4 47. Kf5 Kxc5 48. Ke4 Kb4 49. Kd3 c5 50. Ke4 Nd6+ 51. Ke3 51... c4 {
inmichess resigns} 0-1

[Event "ICS rated blitz match"]
[Site "204.178.125.65"]
[Date "1999.10.24"]
[Round "?"]
[White "Hossa"]
[Black "inmichess"]
[Result "0-1"]
[WhiteElo "2443"]
[BlackElo "2441"]
[PlyCount "66"]
[EventDate "1999.??.??"]

1. e4 e5 2. Bc4 Nf6 3. d3 c6 4. Nf3 d5 5. Bb3 Bd6 6. Bg5 dxe4 7. dxe4 h6 8. Bh4
g5 9. Bg3 Nxe4 10. Bxe5 Qe7 11. Qd4 Nxf2 12. Kxf2 Bc5 13. Bxh8 Be6 14. Re1 Nd7
15. Kf1 Bxd4 16. Bxd4 O-O-O 17. Bxa7 b6 18. c3 Qd6 19. Nd4 Bxb3 20. axb3 c5 21.
Nf3 g4 22. Nfd2 Qxh2 23. Re2 Kb7 24. Re4 f5 25. Rea4 Re8 26. Kf2 g3+ 27. Kf3
Ne5+ 28. Ke2 Qh5+ 29. Nf3 Nxf3+ 30. Re4 Rxe4+ 31. Kd3 Ne1+ 32. Kd2 Qe2+ 33. Kc1
33... Nd3# {Hossa checkmated} 0-1

[Event "ICS rated blitz match"]
[Site "204.178.125.65"]
[Date "1999.10.24"]
[Round "?"]
[White "inmichess"]
[Black "Hossa"]
[Result "1-0"]
[WhiteElo "2457"]
[BlackElo "2427"]
[PlyCount "124"]
[EventDate "1999.??.??"]

1. e4 e5 2. Nf3 Nf6 3. Nxe5 d6 4. Nf3 Nxe4 5. d4 d5 6. Bd3 Be7 7. O-O Nc6 8. c4
Nb4 9. Be2 dxc4 10. Bxc4 Nd6 11. Qa4+ Nc6 12. d5 Nxc4 13. dxc6 b5 14. Qxb5 Nd6
15. Qh5 O-O 16. Nc3 Re8 17. Nd5 Bf5 18. Be3 Bg6 19. Nxe7+ Qxe7 20. Qh3 Nf5 21.
Bf4 Qe4 22. Bxc7 Qxc6 23. Be5 Rac8 24. Rfe1 Qc4 25. a3 Qb3 26. Bc3 Rcd8 27. Ne5
Re6 28. Nxg6 fxg6 29. Rxe6 Qxe6 30. Re1 Qb3 31. Qf3 Rc8 32. Qd3 Qf7 33. b4 Kh8
34. a4 Qf8 35. b5 Qf7 36. a5 Qc7 37. a6 Qd6 38. Qc4 Qf8 39. Qb3 Qg8 40. Qxg8+
Kxg8 41. Ba5 Nd6 42. b6 axb6 43. Bxb6 Nc4 44. Bd4 Na3 45. a7 Kf7 46. Bc5 Nb5
47. f3 g5 48. Rb1 Nxa7 49. Rb7+ Kg6 50. Bxa7 Rd8 51. g4 Kf6 52. Bc5 Kg6 53. Be7
Rd1+ 54. Kg2 h6 55. Bf8 Rd8 56. Bxg7 h5 57. gxh5+ Kxh5 58. Rb6 g4 59. Rh6+ Kg5
60. Bf6+ Kxh6 61. Bxd8 Kg6 62. h4 62... Kh6 {Hossa resigns} 1-0

[Event "ICS rated blitz match"]
[Site "204.178.125.65"]
[Date "1999.10.24"]
[Round "?"]
[White "k64"]
[Black "Hossa"]
[Result "1-0"]
[WhiteElo "2122"]
[BlackElo "2412"]
[PlyCount "68"]
[EventDate "1999.??.??"]

1. e4 e5 2. Nf3 Nf6 3. Nc3 Nc6 4. Bc4 Bc5 5. d3 d6 6. O-O Na5 7. Bg5 Nxc4 8.
dxc4 Be6 9. b3 O-O 10. Kh1 c6 11. Qe2 Bb4 12. Nd1 Ba5 13. Ne3 Qe7 14. h3 Bc3
15. Rad1 Rad8 16. g4 Bc8 17. Nf5 Bxf5 18. gxf5 Bb2 19. Rg1 Kh8 20. Rg2 a6 21.
Rdg1 Rg8 22. Nh2 Bc3 23. Ng4 Ra8 24. Bxf6 gxf6 25. Nh6 Rxg2 26. Rxg2 Bd2 27.
Qxd2 Qf8 28. Rg8+ Qxg8 29. Nxg8 Kxg8 30. Qxd6 a5 31. Qxf6 a4 32. b4 Re8 33.
Qg5+ Kh8 34. f6 34... Rg8 {Hossa resigns} 1-0

[Event "ICS rated blitz match"]
[Site "204.178.125.65"]
[Date "1999.10.24"]
[Round "?"]
[White "k64"]
[Black "Hossa"]
[Result "1/2-1/2"]
[WhiteElo "2140"]
[BlackElo "2391"]
[PlyCount "60"]
[EventDate "1999.??.??"]

1. e4 e5 2. Nf3 Nf6 3. Nc3 Nc6 4. Bc4 Bc5 5. d3 d6 6. O-O Na5 7. Bg5 Nxc4 8.
dxc4 Be6 9. b3 O-O 10. Qe2 c6 11. h3 Bb4 12. Nd1 Qe7 13. Ne3 h6 14. Bh4 Bc3 15.
Rad1 g5 16. Nxg5 hxg5 17. Bxg5 Kg7 18. f4 exf4 19. Rxf4 Kg6 20. h4 Qd7 21. Nf5
d5 22. e5 Bxf5 23. Bxf6 Ba5 24. Rdf1 Be6 25. Qd3+ Kh6 26. Bg5+ Kg7 27. Bf6+ Kh6
28. Bg5+ Kg7 29. Bf6+ Kh6 30. Bg5+ 30... Kg7 {Game drawn by repetition} 1/2-1/2

[Event "ICS rated blitz match"]
[Site "204.178.125.65"]
[Date "1999.10.24"]
[Round "?"]
[White "Hossa"]
[Black "k64"]
[Result "0-1"]
[WhiteElo "2381"]
[BlackElo "2150"]
[PlyCount "132"]
[EventDate "1999.??.??"]

1. e4 e5 2. Bc4 Nf6 3. d3 Be7 4. Nf3 d6 5. Nc3 O-O 6. O-O Be6 7. Bxe6 fxe6 8.
Ng5 Qd7 9. f4 h6 10. fxe5 dxe5 11. Nh3 Nc6 12. Be3 Rf7 13. Qf3 Raf8 14. Qg3 Kh7
15. Nf2 Nh5 16. Qh3 Nf4 17. Qg4 Nd4 18. Qd1 Bg5 19. Bc1 b5 20. h3 b4 21. Rb1
bxc3 22. Bxf4 Bxf4 23. bxc3 Be3 24. cxd4 Qxd4 25. Rb7 Bxf2+ 26. Kh1 Bg3 27.
Rxf7 Rxf7 28. Qg1 Bf2 29. Qd1 Qe3 30. Rb1 Qg3 31. Qf1 Rf4 32. Qe2 Bb6 33. Rf1
Rf2 34. Rxf2 Qxf2 35. Qxf2 Bxf2 36. g4 Kg6 37. Kg2 Bd4 38. h4 Kf7 39. Kf3 Ke7
40. a4 Kd6 41. a5 Kc5 42. g5 h5 43. a6 Kb5 44. c3 Bxc3 45. Ke2 Kxa6 46. Kf2 Kb5
47. Kf1 Kb4 48. Ke2 Kb3 49. Kd1 Kb2 50. Ke2 Kc2 51. g6 a5 52. Ke3 a4 53. Ke2 a3
54. d4 exd4 55. Kf3 a2 56. Kf4 a1=Q 57. Ke5 Qa5+ 58. Kxe6 d3 59. Ke7 Qe5+ 60.
Kd7 Qd6+ 61. Kc8 c5 62. Kb7 Ba5 63. Ka8 Qb6 64. e5 Qc7 65. e6 Bb6 66. e7 66...
Qa7# {Hossa checkmated} 0-1

[Event "ICS rated blitz match"]
[Site "204.178.125.65"]
[Date "1999.10.24"]
[Round "?"]
[White "k64"]
[Black "Hossa"]
[Result "1-0"]
[WhiteElo "2173"]
[BlackElo "2356"]
[PlyCount "103"]
[EventDate "1999.??.??"]

1. d4 e6 2. e4 d5 3. Nc3 Nf6 4. Bg5 dxe4 5. Nxe4 Be7 6. Bxf6 gxf6 7. Nf3 O-O 8.
Bc4 Nc6 9. c3 Rb8 10. a4 e5 11. dxe5 Qxd1+ 12. Rxd1 fxe5 13. Bd5 Bg4 14. Rd3
Rbd8 15. Nfd2 Kh8 16. Bc4 Rxd3 17. Bxd3 Rd8 18. Bc2 Kg7 19. f3 Bd7 20. Ke2 f5
21. Ng3 Kg6 22. Rd1 Be6 23. Ndf1 Rxd1 24. Kxd1 Bg5 25. Ke2 h5 26. Ne3 Ne7 27.
Ngxf5 Nxf5 28. g4 hxg4 29. fxg4 Bxe3 30. Bxf5+ Bxf5 31. gxf5+ Kxf5 32. Kxe3 a6
33. a5 b6 34. b4 bxa5 35. bxa5 e4 36. c4 Ke5 37. h4 Kf5 38. h5 Ke5 39. h6 Kd6
40. h7 Kc5 41. h8=Q Kxc4 42. Kxe4 c5 43. Qb8 Kc3 44. Qb6 Kc4 45. Qxa6+ Kb4 46.
Qb6+ Kc4 47. a6 Kc3 48. a7 c4 49. a8=Q Kd2 50. Qa2+ Ke1 51. Qe3+ Kf1 52. Qef2#
{Hossa checkmated} 1-0

[Event "ICS rated blitz match"]
[Site "204.178.125.65"]
[Date "1999.10.24"]
[Round "?"]
[White "Hossa"]
[Black "k64"]
[Result "1-0"]
[WhiteElo "2351"]
[BlackElo "2171"]
[PlyCount "73"]
[EventDate "1999.??.??"]

1. e4 e5 2. Bc4 Nf6 3. d3 Be7 4. Nf3 d6 5. Bg5 O-O 6. O-O Be6 7. Nbd2 c6 8. Bb3
a5 9. c3 a4 10. Bxa4 h6 11. Be3 g5 12. Bb3 Nbd7 13. Bxe6 fxe6 14. Qb3 d5 15.
Qxb7 Qc8 16. Qxc8 Rfxc8 17. d4 Nxe4 18. Nxe4 dxe4 19. Nxe5 Nxe5 20. dxe5 Rd8
21. c4 Rd3 22. Rfe1 Bb4 23. Reb1 Kg7 24. a3 Bd2 25. Bc5 Kg6 26. h3 Kf5 27. Bd6
h5 28. a4 g4 29. hxg4+ hxg4 30. b4 e3 31. Kf1 Ke4 32. fxe3 Bxe3 33. b5 cxb5 34.
cxb5 Rh8 35. Rb4+ Kd5 36. Ke2 Rd4 37. Kxe3 {k64 resigns} 1-0

[Event "ICS rated blitz match"]
[Site "204.178.125.65"]
[Date "1999.10.25"]
[Round "?"]
[White "k64"]
[Black "Hossa"]
[Result "1-0"]
[WhiteElo "2161"]
[BlackElo "2359"]
[PlyCount "71"]
[EventDate "1999.??.??"]

1. e4 e5 2. Nf3 Nf6 3. Nc3 Nc6 4. Bc4 Bc5 5. d3 O-O 6. O-O d6 7. Bg5 Na5 8. h3
Nxc4 9. dxc4 Be6 10. b3 c6 11. Kh1 Bb4 12. Ne2 Ba3 13. Rb1 Qe7 14. g4 Rfd8 15.
Qe1 h6 16. Bh4 g5 17. Nxg5 hxg5 18. Bxg5 Kg7 19. Ng3 Kg6 20. h4 Bxg4 21. f4 Qc7
22. fxe5 Ne8 23. Qe3 dxe5 24. Bf6 Nxf6 25. Qg5+ Kh7 26. Rxf6 Bf8 27. Qxg4 Rd6
28. Nh5 Qd7 29. Qg3 Qe7 30. Rbf1 Rd1 31. Rxd1 Bh6 32. Rdf1 Qe6 33. Rxe6 fxe6
34. Rf7+ Kh8 35. Nf6 Rd8 36. Rh7# {Hossa checkmated} 1-0

[Event "ICS rated blitz match"]
[Site "204.178.125.65"]
[Date "1999.10.25"]
[Round "?"]
[White "Hossa"]
[Black "k64"]
[Result "1-0"]
[WhiteElo "2335"]
[BlackElo "2171"]
[PlyCount "61"]
[EventDate "1999.??.??"]

1. e4 c5 2. Nf3 d6 3. d4 cxd4 4. Nxd4 Nf6 5. Nc3 a6 6. Bg5 e6 7. f4 Be7 8. Qf3
Qc7 9. O-O-O Nbd7 10. Qg3 b5 11. f5 Nc5 12. Bxf6 Bxf6 13. fxe6 fxe6 14. Bxb5+
axb5 15. Ndxb5 Qe7 16. Nxd6+ Kf8 17. h4 Nd7 18. Nxc8 Rxc8 19. Rhf1 Kg8 20. Rxd7
Qxd7 21. Rxf6 Rf8 22. Rxf8+ Kxf8 23. Qb8+ Qe8 24. Qf4+ Ke7 25. Qe5 Qf7 26. Nd5+
Kf8 27. Qd6+ Kg8 28. Ne7+ Kf8 29. Ng6+ Ke8 30. Qb8+ Kd7 31. Ne5+ {k64 resigns}
1-0

[Event "ICS rated bullet match"]
[Site "204.178.125.65"]
[Date "1999.10.25"]
[Round "?"]
[White "GauchoStylz69"]
[Black "Hossa"]
[Result "0-1"]
[WhiteElo "1376"]
[BlackElo "2394"]
[PlyCount "64"]
[EventDate "1999.??.??"]

1. e4 e5 2. Qh5 Nc6 3. Bc4 g6 4. Qf3 Nf6 5. Ne2 Bg7 6. d3 Na5 7. Bg5 Nxc4 8.
dxc4 d6 9. b3 O-O 10. Nbc3 h6 11. Be3 Bg4 12. Qg3 Bxe2 13. Nxe2 Nxe4 14. Qf3 f5
15. Ng3 Qh4 16. Nxe4 fxe4 17. g3 Rxf3 18. gxh4 Rh3 19. Rg1 Rxh2 20. Rxg6 Rh1+
21. Kd2 Rxa1 22. Bxh6 Kh7 23. Rxg7+ Kxh6 24. Rxc7 Rf8 25. Rxb7 Rxf2+ 26. Kc3
Rxa2 27. Rxa7 Rfxc2+ 28. Kb4 Rxa7 29. c5 e3 30. cxd6 e2 31. Kb5 e1=Q 32. Kb6
32... Qa5# {GauchoStylz69 checkmated} 0-1

[Event "ICS rated blitz match"]
[Site "204.178.125.65"]
[Date "1999.10.25"]
[Round "?"]
[White "bperon"]
[Black "Hossa"]
[Result "0-1"]
[WhiteElo "1778"]
[BlackElo "2344"]
[Annotator "Steffen A. Jakob"]
[PlyCount "40"]
[EventDate "1999.??.??"]

1. e4 e5 2. Nf3 Nf6 3. Nxe5 d6 4. Nxf7 Kxf7 5. Bc4+ (5. d4 Nxe4 6. Qh5+ Kg8 7.
Qd5+ $18) 5... Kg6 $146 6. Nc3 Nc6 7. O-O Be7 8. f4 h6 9. f5+ Kh7 10. d4 Rf8
11. Be2 Kh8 12. Be3 a6 13. Qe1 b6 14. Rd1 Bd7 15. a3 Qe8 16. Qg3 Bd8 17. Qf3
Qe7 18. Bd3 Be8 19. Rde1 Bh5 20. Qf4 20... Ng4 {bperon resigns} 0-1